[Event "Porto Mannu op"]
[Site "Porto Mannu"]
[Date "2007.05.23"]
[Round "6"]
[White "Baldi, Giancarlo"]
[Black "Rombaldoni, Axel"]
[Result "1/2-1/2"]
[WhiteElo "1678"]
[BlackElo "2221"]
[PlyCount "79"]
[EventDate "2007.05.19"]
[EventType "swiss"]
[EventRounds "9"]
[EventCountry "ITA"]
[SourceTitle "CBM 118 Extra"]
[Source "ChessBase"]
[SourceDate "2007.07.04"]
[SourceVersion "1"]
[SourceVersionDate "2007.07.04"]
[SourceQuality "1"]

1. Nf3 d5 2. d4 c6 3. e3 Bg4 4. Bd3 e6 5. Nbd2 f5 6. c3 Nf6 7. Qb3 Qc7 8. Ng5 Qd7 9. Nxe6 Qxe6 10. Qxb7 Qd7 11. Qxa8 Bd6 12. Ba6 0-0 13. Qb7 Qe8 14. Bd3 f4 15. Nf1 fxe3 16. Bxe3 Bc8 17. Qb3 Ng4 18. 0-0-0 Rxf2 19. Bxf2 Nxf2 20. Rg1 Bg4 21. Bxh7+ Kh8 22. Bc2 Nxd1 23. Bxd1 Bf4+ 24. Nd2 Qe3 25. Bxg4 Qxg1+ 26. Qd1 Qxg2 27. h3 Qe4 28. Qe2 Qg6 29. Bh5 Qg5 30. Bg4 Be3 31. Kd1 Kh7 32. Nf3 Qf4 33. Qd3+ Kh6 34. Qf5 Qxf5 35. Bxf5 g6 36. Bg4 a5 37. Ne5 c5 38. dxc5 Bxc5 39. Nd7 Nxd7 40. Bxd7 1/2-1/2

[Event "Veneto Region-ch"]
[Site "Arqua Petrarca"]
[Date "2006.05.06"]
[Round "1"]
[White "Baldi, Giancarlo"]
[Black "Rossato, Armando"]
[Result "0-1"]
[WhiteElo "1692"]
[BlackElo "2087"]
[PlyCount "66"]
[EventDate "2006.05.06"]
[EventType "swiss"]
[EventRounds "6"]
[EventCountry "ITA"]
[SourceTitle "EXT 2011"]
[Source "ChessBase"]
[SourceDate "2010.11.26"]
[SourceVersion "1"]
[SourceVersionDate "2010.11.26"]
[SourceQuality "1"]

1. Nf3 c5 2. e3 g6 3. d4 Bg7 4. Bd3 Nc6 5. c3 b6 6. Qe2 Bb7 7. Ba6 Bxa6 8. Qxa6 Qc7 9. Nbd2 Nh6 10. Qe2 e6 11. dxc5 bxc5 12. e4 0-0 13. Nc4 d5 14. Na3 Rfe8 15. 0-0 Rab8 16. Nc2 Ng4 17. h3 Nge5 18. Nxe5 Bxe5 19. Qf3 d4 20. cxd4 cxd4 21. Rb1 Red8 22. Rd1 Bh2+ 23. Kh1 Ne5 24. Qf6 Nd7 25. Qxd4 Be5 26. Qd2 Nf6 27. Qe2 Rxd1+ 28. Qxd1 Nxe4 29. Qe2 Nc3 30. bxc3 Rxb1 31. Qd1 Bf4 32. Ne3 Bxe3 33. fxe3 Qxc3 0-1

[Event "Campodarsego op-B 16th"]
[Site "Campodarsego"]
[Date "2005.01.22"]
[Round "2"]
[White "Baldi, Giancarlo"]
[Black "Sanavio, Giancarlo"]
[Result "0-1"]
[WhiteElo "1760"]
[BlackElo "1685"]
[PlyCount "44"]
[EventDate "2005.01.21"]
[EventType "swiss"]
[EventRounds "5"]
[EventCountry "ITA"]
[SourceTitle "EXT 2024"]
[Source "ChessBase"]
[SourceDate "2023.10.10"]
[SourceVersion "1"]
[SourceVersionDate "2023.10.10"]
[SourceQuality "1"]

1. Nf3 d5 2. d4 c6 3. e3 Bg4 4. Bd3 Nd7 5. Nbd2 e5 6. dxe5 Nxe5 7. Be2 Ng6 8. b3 Nf6 9. Bb2 Bd6 10. 0-0 0-0 11. c4 Bc7 12. Rc1 Re8 13. h3 Be6 14. Qc2 Qd7 15. Bd3 Bxh3 16. gxh3 Qxh3 17. Bf5 Ng4 18. Bxg4 Qxg4+ 19. Kh1 Nh4 20. Nxh4 Qxh4+ 21. Kg2 Qg4+ 22. Kh1 Re6 0-1

[Event "Campodarsego op-B 16th"]
[Site "Campodarsego"]
[Date "2005.01.21"]
[Round "1"]
[White "Menin, Massimo"]
[Black "Baldi, Giancarlo"]
[Result "0-1"]
[WhiteElo "1538"]
[BlackElo "1760"]
[PlyCount "116"]
[EventDate "2005.01.21"]
[EventType "swiss"]
[EventRounds "5"]
[EventCountry "ITA"]
[SourceTitle "EXT 2024"]
[Source "ChessBase"]
[SourceDate "2023.10.10"]
[SourceVersion "1"]
[SourceVersionDate "2023.10.10"]
[SourceQuality "1"]

1. e4 e5 2. f4 d5 3. exd5 e4 4. d3 Nf6 5. dxe4 Nxe4 6. Qe2 Bf5 7. Nc3 Bb4 8. Qb5+ Nc6 9. dxc6 0-0 10. Qxb4 Re8 11. Nge2 Qh4+ 12. g3 Nxg3 13. hxg3 Qxg3+ 14. Kd1 Rad8+ 15. Bd2 Rxd2+ 16. Kxd2 Rd8+ 17. Qd4 Rxd4+ 18. Nxd4 Qxf4+ 19. Ke1 Qxd4 20. Rd1 Qe3+ 21. Ne2 Qe8 22. Bh3 Be4 23. Bd7 Qe7 24. cxb7 Bxb7 25. Rh3 g6 26. Rc3 Ba6 27. Rcd3 Bxd3 28. Rxd3 Qb4+ 29. Nc3 Qxb2 30. Kd2 Qb4 31. Ba4 Qf4+ 32. Re3 h5 33. Bb3 h4 34. Nd5 Qd6 35. Rd3 Kg7 36. Ne3 Qf4 37. Rd7 Qf2+ 38. Kd3 Qg3 39. Rxf7+ Kh6 40. Ke4 Qe1 41. Rxc7 h3 42. Kd3 Qg3 43. Rf7 Qd6+ 44. Bd5 Qa3+ 45. Bb3 h2 46. Rf1 g5 47. Ng4+ Kh5 48. Nf6+ Kh4 49. Ne4 Qa6+ 50. Bc4 Qb6 51. Nf2 Qxf2 52. Rxf2 h1Q 53. Rf8 Qd1+ 54. Ke3 Qe1+ 55. Be2 Qc3+ 56. Bd3 Qc5+ 57. Kd2 Qxf8 58. Bc4 g4 0-1

[Event "Veneto-ch Quarti di Finale 64th"]
[Site "Arqua Petrarca"]
[Date "2004.05.09"]
[Round "2.27"]
[White "Baldi, Giancarlo"]
[Black "Palumbo, Giuseppe"]
[Result "0-1"]
[WhiteElo "1721"]
[BlackElo "1610"]
[PlyCount "84"]
[EventDate "2004.05.08"]
[EventType "swiss"]
[EventRounds "6"]
[EventCountry "ITA"]
[SourceTitle "EXT 2023"]
[Source "ChessBase"]
[SourceDate "2022.10.05"]
[SourceVersion "1"]
[SourceVersionDate "2022.10.05"]
[SourceQuality "1"]

1. Nf3 c5 2. e3 Nf6 3. d4 cxd4 4. exd4 e6 5. Bd3 Be7 6. Nbd2 a6 7. c3 Nc6 8. 0-0 0-0 9. Re1 b5 10. Ne5 Bb7 11. Ndf3 Na7 12. Bg5 h6 13. Bxf6 Bxf6 14. Bc2 d6 15. Qd3 Re8 16. Qh7+ Kf8 17. Rad1 Ke7 18. Ng4 Rh8 19. Qd3 Kf8 20. Nd2 Nc6 21. Ne4 Be7 22. Qf3 h5 23. Ne3 g5 24. Nd2 Kg7 25. d5 Ne5 26. Qe4 Qf8 27. Nf3 f5 28. Qd4 Bf6 29. Nxe5 Bxe5 30. Qd3 Qf6 31. dxe6 Be4 32. Nxf5+ Qxf5 33. Rxe4 Qxe6 34. Ree1 Raf8 35. Qe3 Qf6 36. Qa7+ Rf7 37. Qb6 Rhf8 38. Re2 Re7 39. g3 h4 40. Qxa6 hxg3 41. hxg3 Rh8 42. Qxb5 Qf3 0-1